000 00384nam a2200133Ia 4500
005 20260328101530.0
008 260328s9999||||xx |||||||||||||| ||und||
100 _aHutchison, Edward
245 0 _aDrawing for Landscape Architecture :
_b Sketch to Screen to Site /
_cEdward Hutchison
260 _bThames & Hudson
300 _a240 p.
650 _aARQUITECTURA - ELEMENTOS
942 _cBK
999 _c9930
_d9930